Rice without rain
| Main Author: | |
|---|---|
| Format: | Book |
| Published: |
Malaysia :
Times Books International ,
1986
|
MARC
| LEADER | 00000cam a2200000 7i4500 | ||
|---|---|---|---|
| 001 | 0000004742 | ||
| 002 | 000005112 | ||
| 005 | 20000330.0 | ||
| 020 | |a 9971653613 | ||
| 090 | 0 | 0 | |a F |b MIN |
| 100 | 0 | |a Minfong Ho | |
| 245 | 1 | 0 | |a Rice without rain |c Minfong Ho |
| 260 | |a Malaysia : |b Times Books International , |c 1986 | ||
| 300 | |a 184p. ; |c 22cm. | ||
| 999 | |a 024445 |b BUKU |c PINJAMAN |e PERPUSTAKAAN KOMUNITI CAW KOTA DAMANSARA | ||
| 999 | |a 035409 |b BUKU |c PINJAMAN |e PERPUSTAKAAN KOMUNITI CAW KOTA DAMANSARA | ||